00000000nam##2200000za#4500
0019.666188
003CaOODSP
00520240209132631
007ta
008150407|2005||||xxc|||||     f|0| 0 fre|d
020 |a0-662-68759-0
040 |aCaOODSP|bfre
041 |aeng
041 |afre
043 |an-cn---
0861 |aIu89-4/8-2005
1102 |aAgence de promotion économique du Canada atlantique.
24510|aAPECA en direct : |bil suffit de cliquer pour accéder à votre compte
260 |aMoncton - Nouveau-Brunswick : |bAgence de promotion économique du Canada atlantique |c2005.
300 |a1 feuille pliée. ; |c22 cm.
563 |aDépliant
590 |a05-16|b2005-04-22
7760#|tAPECA en direct : |w(CaOODSP)9.640536
7760#|tACOA Direct : |w(CaOODSP)9.696421
791 |tACOA Direct : |eeng|w(CaOODSP)9.666187
986 |a2005-03